| 000 | 00974nam a2200301 a 4500 | ||
|---|---|---|---|
| 001 | 000013972 | ||
| 003 | DO-SdBNP | ||
| 005 | 20240530073917.0 | ||
| 007 | ta | ||
| 008 | 091202s1984 dr 000 f spa d | ||
| 040 |
_aDO-SdBNP _bspa _cBNPHU |
||
| 082 |
_aRD863.44 _bV498s, 1984 _222 |
||
| 100 | 1 |
_aVerges, Pedro, _d1945- _912149 |
|
| 245 | 1 | 0 |
_aSolo cenizas hallarás : _b(boleros) / _cPedro Vergés. |
| 250 | _a2a. ed. | ||
| 260 |
_aSanto Domingo : _bTaller, _c1984. |
||
| 300 |
_a400 p. ; _c20 cm. |
||
| 490 | 1 |
_aBiblioteca Taller ; _v171 |
|
| 500 | _aIncluye datos biográficos del autor en la contracubierta | ||
| 586 | _aPremio Internacional Vicente Blasco 1980 | ||
| 586 | _aPremio Internacional de la Crítica Española 1981 | ||
| 590 | _aInventariado, 2020/VM | ||
| 650 | 0 |
_aNovela dominicana _9223 |
|
| 650 | 0 |
_aLiteratura dominicana. _967 |
|
| 830 | 0 |
_aBiblioteca Taller ; _v171 _9164 |
|
| 910 | _aValidado. Control de calidad MFF | ||
| 942 |
_2ddc _cLBS1 |
||
| 999 |
_c13576 _d13576 |
||